Структурний аналіз сонетарію і трагедії "Ромео і Джульєтта" Вільяма Шекспіра (Запис № 285520)
[ простий вигляд ]
| 000 -LEADER | |
|---|---|
| fixed length control field | 01843nam a22001577a 4500 |
| 041 ## - LANGUAGE CODE | |
| Language code of text/sound track or separate title | ukr |
| 080 ## - UNIVERSAL DECIMAL CLASSIFICATION NUMBER | |
| Universal Decimal Classification number | 09 |
| 090 ## - LOCALLY ASSIGNED LC-TYPE CALL NUMBER (OCLC); LOCAL CALL NUMBER (OCLC) | |
| Local cutter number (OCLC) ; Book number/undivided call number, CALL (RLIN) | ПЕТ |
| 100 ## - MAIN ENTRY--PERSONAL NAME | |
| Personal name | Петровська, І. І. |
| 245 ## - TITLE STATEMENT | |
| Title | Структурний аналіз сонетарію і трагедії "Ромео і Джульєтта" Вільяма Шекспіра |
| 260 ## - PUBLICATION, DISTRIBUTION, ETC. (IMPRINT) | |
| Place of publication, distribution, etc | Острог |
| Name of publisher, distributor, etc | КАФ |
| Date of publication, distribution, etc | 2015 |
| 300 ## - PHYSICAL DESCRIPTION | |
| Extent | 63 |
| 520 ## - SUMMARY, ETC. | |
| Summary, etc | Вступ.<br/>Розділ І. Особливості сонету і трагедії доби Відродження.<br/>1.1. Філософсько-естетичні ідеї епохи Відродження<br/>1.2. Композиційні та змістовні особливості ренесансного сонету<br/>1.3. Стан розвитку ренесансної трагедії<br/>Розділ ІІ. Структурні особливості ренесансного сонету і трагедії "Ромео і Джульєтта" В. Шекспіра.<br/>2.1. Жанр сонету у його прогресії. Ірреальне і реальне в сонетах В. Шекспіра<br/>2.2. Структурна специфіка трагедії В. Шекспіра "Ромео і Джульєтта"<br/>Розділ ІІІ. Аналіз елементів сонетарної спадщини В. Шекспіра в рядках трагедії "Ромео і Джудьєтта".<br/>3.1. Структурні вкраплення сонету в трагедію В. Шекспіра "Ромео та Джульєтта"<br/>3.2. Ідентичність образів у сонетах та трагедії<br/>Висновки.<br/>Список використаних джерел. |
| -- | літературознавство, Відродження, сонет, трагедія |
| 650 ## - SUBJECT ADDED ENTRY--TOPICAL TERM | |
| Topical term or geographic name as entry element | Research Papers |
| 942 ## - ADDED ENTRY ELEMENTS (KOHA) | |
| Koha item type | Книги |
| Withdrawn status | Lost status | Source of classification or shelving scheme | Damaged status | Not for loan | Home library | Current library | Date acquired | Source of acquisition | Cost, normal purchase price | Total Checkouts | Full call number | Barcode | Date last seen | Price effective from | Koha item type |
|---|---|---|---|---|---|---|---|---|---|---|---|---|---|---|---|
| Universal Decimal Classification | ВІЛ - Відділ іноземн. літератури НБ | ВІЛ - Відділ іноземн. літератури НБ | 03/06/2015 | Акт №9 | 1.00 | 09 | 215583 | 10/11/2021 | 03/06/2015 | Книги |